000 01614cam a22004694i 4500
003 PE-LiUPU
005 20250731173539.0
008 150616s r 000 0 d
020 _a0939464535
035 _a(Sirsi) i9780939464531
040 _aPE-LiUPU
_bspa
_cPE-LiUPU
_erda
049 _aPRUA
082 0 4 _a251
_bL71
_221
100 1 _aLischer, Richard,
_eautor.
245 1 2 _aA Theology of Preaching.
264 1 _aDurham, North Carolina :
_bThe Labyrinth Press,
_c1992.
300 _a103 páginas ;
_c23 centímetros
336 _atext
_2rdacontent
337 _aunmediated
_2rdamedia
338 _avolume
_2rdacarrier
504 _aBibliografía al pie de pag.
505 0 _aPreaching as theology.- Resurrexti: power to preach.- How law and gospel work in preaching.- Preaching as the word of God.- Christian anthropology and the possibility of preaching.
526 _aSEG42
526 _aSEG41
526 _aSEG40
526 _aSEG39
526 _aP94
526 _aP87
526 _aP86
526 _aP85
526 _aP77
526 _aP76
526 _aP35
650 0 4 _aSERMONES - TEOLOGIA.
910 _ajck
_bjvq
_cjck
942 _2ddc
_cBOOK
949 _a251 L71
_wDEWEY
_c1
_i42539
_lCCODEBUL1
_mBUL
_r0
_sY
_tBOOK
_u2015-6-16
_xTEOLOGIA
_zUNKNOWN
_0COMPRA
_o.STAFF. Colección General
994 _aC0
_bPEPRU
596 _a1
999 _a251 L71
_wDEWEY
_c60370
_i42539
_f2021-11-12
_g5
_lCCODEBUL1
_mBUL
_r0
_sY
_tBOOK
_u2015-6-16
_xTEOLOGIA
_zUNKNOWN
_0COMPRA
_o.STAFF. Colección General
_d60370
980 _81
_gALBERTO SANCHEZ Responsable de Automatización